| 000 | 00693cam a2200217 4500 | ||
|---|---|---|---|
| 001 | 2652 | ||
| 005 | 20181127165434.0 | ||
| 008 | 930723s1955 nyu 001 0 eng | ||
| 010 | _a 93031103 | ||
| 020 | _a156324196X | ||
| 020 | _a1563241978 | ||
| 043 | _ap------ | ||
| 245 | 0 | 4 |
_aThe emerging technological trajectory of the Pacific Rim / _cDenis Fred Simon, editor. |
| 260 |
_aArmonk, N.Y. : _bM.E. Sharpe, _cc1995. |
||
| 300 |
_axx, 409 p. ; _c24 cm. |
||
| 504 | _aIncludes bibliographical references and index. | ||
| 650 | 0 |
_aTechnology _zPacific Area. |
|
| 650 | 0 |
_aTechnology and state _zPacific Area. |
|
| 650 | 0 |
_aTechnology transfer _zPacific Area. |
|
| 700 | 1 | _aSimon, Denis Fred. | |
| 999 |
_c2116 _d2116 |
||